Conseil de l'Arctique - Statistiques

Statistiques générales
  • Ce quiz a été pris 56 fois
  • Le résultat moyen est 18 sur 21
Statistiques - réponses
Etats membres % Correct
Etats-Unis
100%
Finlande
100%
Norvège
100%
Suède
100%
Canada
98%
Danemark
98%
Russie
98%
France
96%
Espagne
94%
Islande
94%
Royaume-Uni
93%
Allemagne
91%
Chine
91%
Italie
87%
Japon
87%
Pays bas
85%
Pologne
80%
Corée du Sud
72%
Inde
72%
Suisse
67%
Singapour
11%
Aucun quiz correspondant
Distribution des résultats
% des personnes avec chaque résultat
Percentile par nombre de réponses
Votre historique - résultats
Vous n’avez pas pris ce quiz